দাগাল / (Record no. 254529)
[ view plain ]
| 000 -LEADER | |
|---|---|
| fixed length control field | 00744nam a22002177a 4500 |
| 003 - CONTROL NUMBER IDENTIFIER | |
| control field | BD-DhUL |
| 005 - DATE AND TIME OF LATEST TRANSACTION | |
| control field | 20211031153927.0 |
| 008 - FIXED-LENGTH DATA ELEMENTS--GENERAL INFORMATION | |
| fixed length control field | 161016s2021 bg a|||| |||| 000 0 ben |
| 020 ## - INTERNATIONAL STANDARD BOOK NUMBER | |
| International Standard Book Number | 9789847766591 (hbk) |
| 040 ## - CATALOGING SOURCE | |
| Original cataloging agency | BD-DhUL |
| Transcribing agency | BD-DhUL |
| 082 ## - DEWEY DECIMAL CLASSIFICATION NUMBER | |
| Classification number | 891.443 |
| Item number | HAD |
| 100 1# - MAIN ENTRY--PERSONAL NAME | |
| Personal name | হামিদ, হাসান |
| 245 00 - TITLE STATEMENT | |
| Title | দাগাল / |
| Statement of responsibility, etc. | হাসান হামিদ । |
| 260 ## - PUBLICATION, DISTRIBUTION, ETC. (IMPRINT) | |
| Place of publication, distribution, etc. | ঢাকা : |
| Name of publisher, distributor, etc. | ঐতিহ্য, |
| Date of publication, distribution, etc. | ২০২১ । |
| 300 ## - PHYSICAL DESCRIPTION | |
| Extent | ১৬০ পৃ. ; |
| Dimensions | ২২ সেমি. |
| 365 ## - TRADE PRICE | |
| Price type code | BDT |
| Price amount | 300.00 |
| 504 ## - BIBLIOGRAPHY, ETC. NOTE | |
| Bibliography, etc | গ্রন্থপঞ্জিগত তথ্য সংবলিত । |
| 650 #4 - SUBJECT ADDED ENTRY--TOPICAL TERM | |
| Topical term or geographic name as entry element | বাংলা উপন্যাস । |
| 650 #4 - SUBJECT ADDED ENTRY--TOPICAL TERM | |
| Topical term or geographic name as entry element | Bengali fiction. |
| 942 ## - ADDED ENTRY ELEMENTS (KOHA) | |
| Source of classification or shelving scheme | |
| Koha item type | Books |
| Date last seen | Permanent Location | Not for loan | Date acquired | Source of classification or shelving scheme | Koha item type | Lost status | Withdrawn status | Copy number | Source of acquisition | Collection code | Damaged status | Shelving location | Barcode | Current Location | Full call number |
|---|---|---|---|---|---|---|---|---|---|---|---|---|---|---|---|
| 2021-09-26 | Dhaka University Library | Not For Loan | 2021-05-31 | Books | 1 | Purchased | Fiction | Liberation War Collection | 512807 | Dhaka University Library | 891.443 HAD | ||||
| 2021-09-26 | Dhaka University Library | Not For Loan | 2021-05-31 | Books | 2 | Purchased | Fiction | Liberation War Collection | 512808 | Dhaka University Library | 891.443 HAD |
